000 00305nam a2200121Ia 4500
008 191201s2019 xx 000 0 und d
100 _aVIDYARTHI, S P
245 0 _aWeaving Tablet V Automatic Looms
260 _aN.Delhi
_bThe Textile Association
300 _a20
650 _aB.Tech(TE)
942 _2ddc
_cBK
999 _c3449
_d3449